IFM Opac

Modern Internal Auditing (Record no. 5438)

MARC details
000 -LEADER
fixed length control field 00456nam a2200169Ia 4500
020 ## - INTERNATIONAL STANDARD BOOK NUMBER
International Standard Book Number 0471065242
082 ## - DEWEY DECIMAL CLASSIFICATION NUMBER
Classification number 657.45 BRI
100 ## - MAIN ENTRY--PERSONAL NAME
Personal name Brink, V. Z.
9 (RLIN) 5840
245 ## - TITLE STATEMENT
Title Modern Internal Auditing
250 ## - EDITION STATEMENT
Edition statement 3rd ed
260 ## - PUBLICATION, DISTRIBUTION, ETC.
Place of publication, distribution, etc. New York:
Name of publisher, distributor, etc. John Wiley
Date of publication, distribution, etc. 1973
300 ## - PHYSICAL DESCRIPTION
Extent xi, 795p. :ill. ;23cm.
500 ## - GENERAL NOTE
General note includes Index
650 ## - SUBJECT ADDED ENTRY--TOPICAL TERM
Topical term or geographic name entry element AuditingAccounting
9 (RLIN) 202
700 ## - ADDED ENTRY--PERSONAL NAME
Personal name Cashin, J. A. Witt, H.
9 (RLIN) 5841
942 ## - ADDED ENTRY ELEMENTS (KOHA)
Koha item type Books
Holdings
Withdrawn status Lost status Damaged status Not for loan Collection code Home library Current library Shelving location Date acquired Total Checkouts Full call number Barcode Date last seen Price effective from Koha item type
        Non-fiction IFM Main Campus Library IFM Main Campus Library Archival Collection 09/20/2021   657.45 BRI 0000010346 05/15/2015 02/19/2022 Books
        Non-fiction IFM Main Campus Library IFM Main Campus Library Archival Collection 09/20/2021   657.45 BRI 0000003350 11/11/2015 02/19/2022 Books